Suècia : el procés de canvi en els municipis del benestar governats pels partits / Henry Bäck el procés de canvi en els municipis del benestar governats pels partits / Henry Bäck
ISBN:
84-9803-063-3
Publicado:
[Barcelona] :
ICPS, Institut de Ciències Polítiques i Socials : Diputació de Barcelona, Xarxa de Municipis, cop. 2005
Descripción Física:
68 p. ; 24 cm
Colección:
Món local ; 13
Materias:
Administració local -- Suècia
MARC
| LEADER | 00000nam a2200000Ia 4500 | ||
|---|---|---|---|
| 001 | 17147 | ||
| 008 | 160829s9999 xx 000 0 cat d | ||
| 020 | |a 84-9803-063-3 | ||
| 080 | |a M-5-165 | ||
| 100 | |a Bäck, Henry |9 28115 | ||
| 245 | |a Suècia : |b el procés de canvi en els municipis del benestar governats pels partits / Henry Bäck | ||
| 260 | |a [Barcelona] : |b ICPS, Institut de Ciències Polítiques i Socials : |b Diputació de Barcelona, Xarxa de Municipis, cop. 2005 | ||
| 300 | |a 68 p. ; |c 24 cm | ||
| 490 | |a Món local ; 13 | ||
| 650 | 0 | |a Administració local |z Suècia |9 9392 | |
| 710 | 1 | |a Barcelona (Catalunya : Província). |b Diputació |9 52408 | |
| 710 | 2 | |a Centre per a la Innovació Local |9 54171 | |
| 710 | 2 | |a Institut de Ciències Polítiques i Socials (Barcelona, Catalunya) |9 55871 | |
| 901 | |a Arxiu | ||
| 942 | |n 1 | ||
| 952 | |0 0 |1 0 |4 0 |6 M5165 |7 1 |9 44679 |a Arxiu |b Arxiu |d 2016-12-01 |l 0 |o M-5-165 |p 17147 |r 2016-12-01 00:00:00 |w 2016-12-01 |y ARXIU | ||
| 999 | |c 47260 |d 47260 | ||